| 000 | 00474nam a2200205Ia 4500 | ||
|---|---|---|---|
| 008 | 170918s9999 xx 000 0 und d | ||
| 020 | _a9780439692601 | ||
| 050 | _bW331 2004 | ||
| 100 | _aWaters, Teresa | ||
| 245 | _aIt's a dog's life / | ||
| 245 | _cTeresa Waters. | ||
| 260 | _aNew York : | ||
| 260 | _bScholastic, | ||
| 260 | _c2004 | ||
| 300 | _a23 pages : | ||
| 300 | _bcolored illustration ; | ||
| 300 | _c20cm. | ||
| 440 | _aRead 180. | ||
| 500 | _a250 | ||
| 999 |
_c340940 _d340940 |
||